UBT Library

A guide to econometrics / (Record no. 42716)

000 -LEADER
fixed length control field 00717pam a2200241 a 4500
001 - CONTROL NUMBER
control field 711000
005 - DATE AND TIME OF LATEST TRANSACTION
control field 20180216031805.0
008 - FIXED-LENGTH DATA ELEMENTS--GENERAL INFORMATION
fixed length control field 971024s1998 maua b 001 0 eng
010 ## - LIBRARY OF CONGRESS CONTROL NUMBER
LC control number 97044978
020 ## - INTERNATIONAL STANDARD BOOK NUMBER
International Standard Book Number 0262112353
020 ## - INTERNATIONAL STANDARD BOOK NUMBER
International Standard Book Number 0262611406 (pbk.)
040 ## - CATALOGING SOURCE
Original cataloging agency DLC
Transcribing agency DLC
Modifying agency DLC
041 ## - LANGUAGE CODE
Language code of text/sound track or separate title eng
080 ## - UNIVERSAL DECIMAL CLASSIFICATION NUMBER
Universal Decimal Classification number 330.015195 KEN
082 00 - DEWEY DECIMAL CLASSIFICATION NUMBER
Classification number 330.015195 KEN
Edition number 21
100 1# - Rafti
Rafti 52
101 ## - Shkurtesa
Shkurtesa EKO
245 12 - TITLE STATEMENT
Title A guide to econometrics /
Statement of responsibility, etc Peter Kennedy.
504 ## - BIBLIOGRAPHY, ETC. NOTE
Bibliography, etc Includes bibliographical references (p. [411]-446) and indexes.
906 ## - LOCAL DATA ELEMENT F, LDF (RLIN)
a 7
b cbc
c orignew
d 1
e ocip
f 19
g y-gencatlg
942 ## - ADDED ENTRY ELEMENTS (KOHA)
Source of classification or shelving scheme
Item type Books
Holdings
Withdrawn status Lost status Source of classification or shelving scheme Damaged status Not for loan Collection code Permanent location Current location Shelving location Date acquired Total Checkouts Full call number Barcode Date last seen Price effective from Koha item type
          Koleksioni i përgjithshem UBT - Lipjan UBT - Lipjan Koleksioni i përgjithshem 02/16/2018   330.015195 KEN 002-2998459 02/16/2018 02/16/2018 Books
UBT Library © 2015-2024. All rights reserved University Education for Business and Technology